[Event "GER-ch U10"]
[Site "Willingen"]
[Date "2022.06.11"]
[Round "11"]
[White "Khanbekyan, Aram"]
[Black "Pieper, Patric"]
[Result "0-1"]
[WhiteElo "998"]
[BlackElo "812"]
[PlyCount "82"]
[EventDate "2022.06.04"]
[EventType "swiss"]
[EventRounds "11"]
[EventCountry "GER"]
[SourceTitle "CBM 208 Extra"]
[Source "ChessBase"]
[SourceDate "2022.07.31"]
[SourceVersion "1"]
[SourceVersionDate "2022.07.31"]
[SourceQuality "1"]

1. e4 e5 2. Nf3 Nc6 3. d4 exd4 4. Bc4 Nf6 5. e5 d5 6. Bb5 Ne4 7. Nxd4 Bd7 8. 0-0 Bc5 9. Bxc6 bxc6 10. c3 0-0 11. Nd2 Nxd2 12. Bxd2 Rb8 13. b3 f6 14. Re1 fxe5 15. Rxe5 Qf6 16. Qe2 Bd6 17. Re3 Qh6 18. Rh3 Qg6 19. Re3 c5 20. Nc2 Qxc2 21. Rd3 Bf4 22. Rxd5 Bxd2 23. Rxd2 Qxc3 24. Rxd7 Qxa1+ 25. Rd1 Qf6 26. Qc4+ Kh8 27. Qxc5 Qb6 28. Qc2 Rf7 29. Rd3 Qg6 30. Qc3 Rbf8 31. f3 h6 32. a3 Qf6 33. Qc2 Qa1+ 34. Rd1 Qxa3 35. Rd3 Qe7 36. Qc3 Rf5 37. g4 Rc5 38. Qd2 Qg5 39. Qe2 Re5 40. Qd1 Rfe8 41. Qc2 Re1+ 0-1

[Event "GER-ch U10"]
[Site "Willingen"]
[Date "2022.06.06"]
[Round "3"]
[White "Pieper, Patric"]
[Black "Zhao, Yunsheng"]
[Result "0-1"]
[WhiteElo "812"]
[BlackElo "1144"]
[PlyCount "118"]
[EventDate "2022.06.04"]
[EventType "swiss"]
[EventRounds "11"]
[EventCountry "GER"]
[SourceTitle "CBM 208 Extra"]
[Source "ChessBase"]
[SourceDate "2022.07.31"]
[SourceVersion "1"]
[SourceVersionDate "2022.07.31"]
[SourceQuality "1"]

1. e4 e5 2. Nf3 Nc6 3. Bb5 a6 4. Bxc6 dxc6 5. d3 Bd6 6. 0-0 Nf6 7. Nbd2 0-0 8. c3 Re8 9. Re1 Bc5 10. Nb3 Ba7 11. d4 exd4 12. cxd4 Nxe4 13. Qd3 Nf6 14. Rxe8+ Qxe8 15. Bf4 Qd8 16. h3 Be6 17. Na5 Rb8 18. Be5 h6 19. Nh4 Nd7 20. Qe4 Nxe5 21. dxe5 Qd2 22. Qe1 Qxe1+ 23. Rxe1 Bb6 24. Nb3 Rd8 25. Nf3 Bxb3 26. axb3 Rd3 27. b4 Rb3 28. Re2 Rxb4 29. g4 Rf4 30. Kg2 Kf8 31. g5 hxg5 32. Nxg5 Rf5 33. Nh7+ Ke7 34. Kg3 Rh5 35. Nf6 gxf6 36. exf6+ Kxf6 37. f4 Bc5 38. Kg4 Rh6 39. Re5 Bd6 40. Rf5+ Kg7 41. Kg5 Rg6+ 42. Kh5 Rf6 43. Rg5+ Kh7 44. f5 Rh6+ 45. Kg4 Be7 46. Rh5 Rxh5 47. Kxh5 b5 48. Kg4 a5 49. h4 a4 50. h5 b4 51. f6 Bxf6 52. Kf5 Bxb2 53. Kg5 a3 54. h6 a2 55. Kf5 a1Q 56. Kg5 Qf1 57. Kh5 Qg2 58. Kh4 Bf6+ 59. Kh5 Qg5# 0-1